| 000 | 00876nam a2200277 i 4500 | ||
|---|---|---|---|
| 003 | EG-ScBUE | ||
| 005 | 20260401110319.0 | ||
| 008 | 171111t1962 nyubo f b 001 0 eng d | ||
| 040 |
_aEG-ScBUE _beng _erda _cEG-ScBUE _dEG-ScBUE |
||
| 082 | 0 | 4 |
_a551 _bSTR _222 |
| 100 | 1 |
_aStrahler, Arthur N., _eauthor. |
|
| 245 | 1 | 0 |
_aPhysical geography / _cArthur Newell Strahler. |
| 250 | _aSecond edition. | ||
| 264 |
_aNew York : _bJohn Wiley & Sons, _c1962. |
||
| 300 |
_avii, 534 pages : _bmaps, photographs ; _c24 cm |
||
| 336 |
_2rdacontent _atext _btxt |
||
| 337 |
_aunmediated _2rdamedia _bn |
||
| 338 |
_avolume _bnc _2rdacarrier |
||
| 504 | _aIncludes bibliographical references and index. | ||
| 650 | 7 |
_aPhysical geography. _2BUEsh _95166 |
|
| 650 | 7 |
_aGeophysics. _2BUEsh |
|
| 651 | _2BUEsh | ||
| 653 |
_bENGGEN _cNovember2017 |
||
| 655 | _vReading book | ||
| 942 |
_2ddc _cBB |
||
| 999 |
_c25562 _d25534 |
||